00517nam a22001577a 450000500170000000800410001702000280005804100130008608200130009910000270011224500880013925000190022726000570024630000310030365000250033420240124090713.0240124b |||||||| |||| 00| 0 eng d a0409004480 ; 0409004537 aEnglish  a349 JOU  aJoubert, WA lEnglish  aThe Law of South Africa : Consumer Credit to Co-operative Societies / cWA Joubert  aFirst Reissue  aDurban : bButterworth Publishers (Pty) Ltd, c1994  bvii, 448 pages ; c26 cm.  aLegal practice bLaw